| 000 | 00726nam a2200229Ia 4500 | ||
|---|---|---|---|
| 003 | GCL | ||
| 008 | 140319s9999 xx 000 0 ara d | ||
| 020 | _a7100710977 | ||
| 040 |
_aGCL / _cGCL |
||
| 082 | 0 | 4 |
_a743.45 _bف ر |
| 100 | 1 | _aفوزى عيسى(مترجم) | |
| 245 | 1 | 0 |
_aالرسم عند الاطفال / _cفوزى عيسى(مترجم) |
| 700 | 1 | _aعبدالفتاح حسن | |
| 700 | 1 | _aفيدارى، اوسفالدو ورناتو | |
| 250 | _aالاولى | ||
| 260 |
_aالقاهرة : _bدار الفكر العربى ، _c1997 |
||
| 300 |
_a168 ص: _bايض ؛ _c24 سم |
||
| 650 | 0 | 4 | _aالرسم |
| 650 | 0 | 4 | _aرسوم الاطفال |
| 650 | 0 | 4 | _aالاطفال كفنانين |
| 942 |
_2ddc _cBK |
||
| 999 |
_c5997 _d5997 |
||